Twilight of the nation state : globalisation, choas and war (Record no. 1269556)

MARC details
000 -LEADER
fixed length control field 00510nam a2200181Ia 4500
005 - DATE AND TIME OF LATEST TRANSACTION
control field 20250326123502.0
008 - FIXED-LENGTH DATA ELEMENTS--GENERAL INFORMATION
fixed length control field 250326s9999 xx 000 0 und d
037 ## - SOURCE OF ACQUISITION
Stock number Textbook
040 ## - CATALOGING SOURCE
Original cataloging agency FMSL
Language of cataloging eng
Transcribing agency FMSL
041 ## - LANGUAGE CODE
Language code of text/sound track or separate title eng
Source of code eng
084 ## - COLON CLASSIFICATION NUMBER
Classification number XB P6
Assigning agency FMSL
100 ## - MAIN ENTRY--PERSONAL NAME
Personal name Jha P S
9 (RLIN) 660456
245 #0 - TITLE STATEMENT
Title Twilight of the nation state : globalisation, choas and war
Statement of responsibility, etc. Jha P S
260 ## - PUBLICATION, DISTRIBUTION, ETC.
Place of publication, distribution, etc. New Delhi
Name of publisher, distributor, etc. New Delhi, Vistaar
Date of publication, distribution, etc. 2006
300 ## - PHYSICAL DESCRIPTION
Extent 370p
942 ## - ADDED ENTRY ELEMENTS (KOHA)
Koha item type Textbook
Classification part XB P6
Holdings
Withdrawn status Lost status Damaged status Not for loan Home library Current library Date acquired Total Checkouts Full call number Barcode Date last seen Price effective from Koha item type
        Faculty of Management Library Faculty of Management Library 2025-03-26   XB P6 ML1349755 2025-03-26 2025-03-26 Textbook
Copyright @ Delhi University Library System